000 00612cab a2200217 4500
001 WB2249-40
008 090401t1986 xxu||||| |||| 00| 0 eng d
035 _a(Sirsi) u50727
041 _aeng
245 _aPlanning research programme
260 _c1986
350 _a0
490 _aDoE News Release
_vNo 638 2/12/86 4 pages
520 _aThe DOE has approved a programme of planning research worth £4 million for 1987/88.
650 _aLAND AND DEVELOPMENT
650 _aMINERALS PLANNING
650 _aURBAN PROGRAMME
690 _aPLANNING LAW AND PRACTICE
942 _n0
948 _c04/03/1997
999 _c31658
_d31658